000 00584nam a22002297a 4500
003 OSt
005 20140310183031.0
008 130218t xxu||||| |||| 00| 0 eng d
020 _a9712337731
050 _aH62
_b.R456 2004
082 _aFIL 300.72
_bR33 2004
245 _aSocial Research
_cReyes, Milagros Z.
_bA Deductive Approach
260 _aManila
_bRex Bookstore
_c 2004
300 _a187 p.
_c23 cm
521 _acollege students
526 _c1210L-1700L
541 _j1
541 _j2
541 _j3
562 _e3
942 _2lcc
_cBK
_kFIL
999 _c18443
_d18443